000 00633nam a2200229 a 4500
001 75189
003 BD-RjUL
005 20211209082646.0
008 190130s1964 n a|||| d||| 00| 0 eng d
035 _a(BD-RjUL)75407
040 _aBD-RjUL
_beng
_cBD-RjUL
041 _aeng
082 _223
_a590
_bSTl 1964
100 1 _aStiles, Karl A.
_9227507
245 1 0 _aLaborratory Exploratoins in General zoology /
_cKarl A. Stiles,
250 _a4rth.ed.
260 _aLondon :
_bThe Macmillan,
_c1964
300 _aXii ,327 p. :
_bill. ;
_c28 cm.
500 _aIncludes Index
650 _aZoology
_vGeneral
_9227508
942 _2ddc
_cBK
999 _c75189
_d75189